موسوعة حيوانات العالم / (رقم التسجيلة. 32339)
[ عرض عادي ]
| 000 -LEADER | |
|---|---|
| fixed length control field | 00541nam a22001817a 4500 |
| 005 - DATE AND TIME OF LATEST TRANSACTION | |
| control field | 20251108165828.0 |
| 008 - FIXED-LENGTH DATA ELEMENTS--GENERAL INFORMATION | |
| fixed length control field | 250721s2000 xx 000 0 ara d |
| 082 14 - DEWEY DECIMAL CLASSIFICATION NUMBER | |
| Classification number | م/591.03/راو |
| 100 1# - MAIN ENTRY--PERSONAL NAME | |
| Personal name | الراوي، محمد |
| Relator term | مؤدي |
| 245 10 - TITLE STATEMENT | |
| Title | موسوعة حيوانات العالم / |
| 264 1# - PRODUCTION, PUBLICATION, DISTRIBUTION, MANUFACTURE, AND COPYRIGHT NOTICE | |
| Place of production, publication, distribution, manufacture | عمان : |
| Name of producer, publisher, distributor, manufacturer | دار أسامة للنشر و التوزيع، |
| Date of production, publication, distribution, manufacture, or copyright notice | 2000. |
| 300 ## - PHYSICAL DESCRIPTION | |
| Extent | 344ص |
| 650 17 - SUBJECT ADDED ENTRY--TOPICAL TERM | |
| Topical term or geographic name as entry element | الحيوانات |
| 650 17 - SUBJECT ADDED ENTRY--TOPICAL TERM | |
| Topical term or geographic name as entry element | علم الحيوان |
| 650 17 - SUBJECT ADDED ENTRY--TOPICAL TERM | |
| Topical term or geographic name as entry element | الموسوعات |
| 942 ## - ADDED ENTRY ELEMENTS (KOHA) | |
| Source of classification or shelving scheme | Dewey Decimal Classification |
| Koha item type | مراجع |
| حالة السحب | حالة الفقدان | مصدر التصنيف | حالة التلف | غير قابل للإعارة | المكتبة الرئيسية | المكتبة الحالية | موقع الرف | تاريخ التزويد | الرقم المتسلسل | Total Checkouts | رقم الإستدعاء | الباركود | تاريخ آخر ظهور | تاريخ الفاتورة | نوع المادة (كوها) |
|---|---|---|---|---|---|---|---|---|---|---|---|---|---|---|---|
| Dewey Decimal Classification | Not For Loan | المكتبة المركزية | المكتبة المركزية | مراجع | 06/07/2004 | 377030 | م/591.03/راو | 377030 | 28/07/2025 | 06/07/2004 | مراجع | ||||
| Dewey Decimal Classification | Not For Loan | مكتبة أم قصير والمقابلين العامة | مكتبة أم قصير والمقابلين العامة | مراجع | 06/07/2004 | 377050 | م/591.03/راو | 377050 | 28/07/2025 | 06/07/2004 | مراجع | ||||
| Dewey Decimal Classification | Not For Loan | مكتبة الاميرة بديعة | مكتبة الاميرة بديعة | مراجع | 06/07/2004 | 377046 | م/591.03/راو | DUP-02_377046 | 28/07/2025 | 06/07/2004 | مراجع | ||||
| Dewey Decimal Classification | Not For Loan | مكتبة الجويدة | مكتبة الجويدة | مراجع | 15/06/2015 | 377047 | م/591.03/راو | PLD00331086 | 28/07/2025 | 15/06/2015 | مراجع | ||||
| Dewey Decimal Classification | Not For Loan | مكتبة الجويدة | مكتبة الجويدة | مراجع | 04/06/2018 | 1679599 | م/591.03/راو | PLD00421734 | 28/07/2025 | 04/06/2018 | مراجع | ||||
| Dewey Decimal Classification | Not For Loan | مكتبة الحسن العامة | مكتبة الحسن العامة | مراجع | 31/03/2019 | 377048 | م/591.03/راو | PLD00447993 | 28/07/2025 | 31/03/2019 | مراجع | ||||
| Dewey Decimal Classification | Not For Loan | مكتبة حمزة العامة | مكتبة حمزة العامة | مراجع | 06/07/2004 | 377049 | م/591.03/راو | DUP-02_377049 | 28/07/2025 | 06/07/2004 | مراجع | ||||
| Dewey Decimal Classification | Not For Loan | مكتبة صويلح العامة | مكتبة صويلح العامة | مراجع | 06/07/2004 | 377044 | م/591.03/راو | DUP-02_377044 | 28/07/2025 | 06/07/2004 | مراجع | ||||
| Dewey Decimal Classification | Not For Loan | مكتبة وادي السير العامة | مكتبة وادي السير العامة | مراجع | 06/07/2004 | 377053 | م/591.03/راو | DUP-03_377053 | 28/07/2025 | 06/07/2004 | مراجع |